Participantes do Big Brother Brasil 9 - Statistics

Estatísticas Gerais
  • Esse quiz foi jogado 23 vezes
  • A pontuação média é 15 de 18
Estatísticas das Respostas
Colocação Participante % Correto
Francine Piaia
100%
Max Porto
100%
Priscila Pires
100%
Ana Carolina Madeira
94%
Naiá Giannocaro
89%
16º Norberto Santos
89%
12º André Almeida
83%
Josiane Oliveira
83%
Maíra Cardi
83%
Flávio Steffi
78%
Desistente Leonardo Jancu
78%
Milena Fagundes
78%
11º Mirla Prado
78%
14º Newton Siqueira
78%
10º Ralf Krause
72%
15º Alexandre Silva
67%
17º Michelle Costa
67%
13º Emanuel Milchevski
56%
Nenhum quiz correspondente encontrado
Distribuição das Pontuações
Porcentagem de Pessoas com Cada Pontuação
Percentil de Números Respondidos
Sua Pontuação Histórica
Você não jogou esse quiz